000 00970cab a2200241 4500
001 X92492
008 090401t1998 xxu||||| |||| 00| 0 eng d
035 _a(Sirsi) u87015
041 _aeng
245 _aMid Bedfordshire DC and Way
260 _c1998
350 _a0
490 _aPlanning Appeal Decisions
_v1998 13 PAD 258-1656)
520 _aConservatory on dwelling house. Enforcement notice. Refusal of planning permission. 1950s police house with extensions- retrospective planning application. Structure and local plans. PPGs 1,15 and 16. Whether intrude on setting. Effect on neighbours. Effect of higher fence. Whethe other material considerations. Near listed buildings. Intrustion in gap. Notice varied. (Taken from headnote)
650 _aCONSERVATORY
650 _aENFORCEMENT NOTICE
650 _aPPG1
650 _aPPG15
650 _aPPG16
690 _aPLANNING LAW AND PRACTICE-CASE LAW
942 _n0
948 _c24/06/1998
999 _c54816
_d54816